LEADER 03380nam0 22005533i 450 001 BVEE045901 005 20170908093224.0 012 $acea- 66i- *-a- no** (3) 1610 (R)$2fei$9*=caratteri greci 100 $a20130122d1610 ||||0itac50 ba 101 | $alat$agrc 102 $abe 181 1$6z01$ai $bxxxe 182 1$6z01$an 200 1 $a˜Iusti Lipsii œPhysiologiæ Stoicorum libri tres: L. Annaeo Senecae, aliísque scriptoribus illustrandis 205 $aEditio secunda, & ab vltimâ auctoris manu 210 $aAntuerpiæ$cex officina Plantiniana, apud Ioannem Moretum$d1610$eAntuerpiæ$gex officina Plantiniana, apud Ioannem Moretum$h1610 215 $a[12], 188, [8] p.$d4º 300 $aMarca calcogr. sul front. (B11704), xil. (D20005) a c. a5r 300 $aIniziali e fregi xil 300 $aSegn.: *⁶ A-Z⁴ a⁶ 300 $aBianca l'ultima c. 316 $a1 v.$5IT-NA0001, ANTICO 5.B 16/3 316 $a1 v. (in 1 v. misc.)$5IT-NA0079, SALA FARN.43. D 5 620 $aBE$dAnversa$3UBOL000154 700 1$aLipsius$b, Justus$3CFIV068975$4070$0197568 712 02$aOfficina Plantiniana$c $3BVEV018026$4650 712 02$aMoretus, Iohannes$d <1.>$3BVEV021130$4650 790 1$aLipsio$b, Giusto$3CFIV119701$zLipsius, Justus 790 1$aLips$b, Joost$3PUVV176112$zLipsius, Justus 790 1$aLipse$b, Juste$3PUVV176113$zLipsius, Justus 791 02$aPlantiinsche Druckeriie$c $3BVEV098550$zOfficina Plantiniana 791 02$aImprimerie plantinienne$c $3SBNV005219$zOfficina Plantiniana 791 02$aTypographia Plantiniana$c $3UBOV397367$zOfficina Plantiniana 791 02$aMourentorf, Jan$3BVEV021131$zMoretus, Iohannes <1.> 791 02$aMoretus, Johannes$d <1.>$3BVEV131383$zMoretus, Iohannes <1.> 791 02$aMoretus, Jean$d <1.>$3BVEV131384$zMoretus, Iohannes <1.> 791 02$aMoretus, Ioannes$3LIGV009829$zMoretus, Iohannes <1.> 801 3$aIT$bIT-NA0079$c20130122 850 $aIT-NA0001$aIT-NA0079 899 1$aBiblioteca Nazionale Vittorio Emanuele III$bNA0079$41 esemplare$eS$uhttp://books.google.com/books?vid=IBNN:BNA01001467815 912 $aBVEE045901 921 $aRMLM000030$bCompasso retto da mano destra uscente da una nuvola attraversato da un cartiglio contenente il motto: LABORE ET CONSTANTIA entro cornice manieristica$cD20005$dA c. a5r. 921 $aVEAM000108$bUna mano che esce dalle nuvole traccia un cerchio col compasso. In cornice figurata con allegorie del lavoro e della costanza. Motto: Labore et constantia.$cB11704$cN21302$dSul front. 950 0$aBiblioteca Conventuale Sant'Antonio di Afragola$c1 v.$d 72ANTICO 5.B 16/3$e 72 0000050785 H 1 v.$fZ $h20131114$i20131114 950 0$aBiblioteca Nazionale Vittorio Emanuele III$c1 v. misc.$d BNSALA FARN.43. D 5$e BNA010014678155 B (0003 1 v. (in 1 v. misc.)$fC $h20130122$i20130122 956 $aBiblioteca Nazionale Vittorio Emanuele III$b1$c $d $eBNA01001467815$uhttp://books.google.com/books?vid=IBNN:BNA01001467815$z BNSALA FARN.43. D 5 977 $a 72$a BN 996 $aPhysiologiæ Stoicorum libri tres: L. Annaeo Senecae, aliísque scriptoribus illustrandis$91481766 997 $aUNISANNIO